| 000 | 00840nam a22002177a 4500 | ||
|---|---|---|---|
| 999 |
_c7566 _d7566 |
||
| 003 | AR-CdUCM | ||
| 008 | 190320b ||||| |||| 00| 0 spa d | ||
| 020 | _a978-612-46911-1-9 | ||
| 040 |
_aMUNICIPALIDAD PROVINCIAL DEL CUSCO _cBIBLIOTECA MUNICIPAL DEL CUSCO |
||
| 082 |
_a001.42 / _bP71 |
||
| 100 |
_aPochet, Bernard _921369 |
||
| 245 | _aLeer y escribir la literatura científica / | ||
| 260 |
_aCusco : _bAlpha Servicios Gráficos, _c2016. |
||
| 300 |
_a143 páginas ; _c20.5 cm. |
||
| 505 | _aContenido: La busqueda documental -- La pregunta inicial -- Los conceptos y terminos -- La pregunta documentaria -- Los limites y las facetas ... | ||
| 650 |
_aRedacción de informes _921370 |
||
| 650 |
_aRedacción de escritos técnicos _921371 |
||
| 650 |
_aRecuperación de información. _921372 |
||
| 942 |
_2ddc _cLIBROS |
||
| 945 | _aafb | ||